000 00366nam a22001457a 4500
003 OSt
008 220411b ||||| |||| 00| 0 eng d
082 _a08G.02407 JNG
100 _aJUNEJA,MM
245 _aGandhi Rashtriya Pita Vs Bhagat Singh Saheedey Azam
260 _aPanchukala
_bModern Pub
_c2017
300 _a184
650 _aGeneral Book
942 _2ddc
_cBK
999 _c11134
_d11134